Operational Profitability: Systematic Approaches for Continuous Improvement (Record no. 4707)
[ view plain ]
| 005 - DATE AND TIME OF LATEST TRANSACTION | |
|---|---|
| control field | 20250624050854.0 |
| 020 ## - INTERNATIONAL STANDARD BOOK NUMBER | |
| International Standard Book Number | 0-471-21473-6 |
| 082 ## - DEWEY DECIMAL CLASSIFICATION NUMBER | |
| Classification number | 658.4 TOR |
| 100 ## - MAIN ENTRY--PERSONAL NAME | |
| Author name | TOROK, M . R |
| 245 ## - TITLE STATEMENT | |
| Title | Operational Profitability: Systematic Approaches for Continuous Improvement |
| 250 ## - EDITION STATEMENT | |
| Edition statement | 2nd Ed. |
| 260 ## - PUBLICATION, DISTRIBUTION, ETC. | |
| Place of publication, distribution, etc. | New York |
| Name of publisher, distributor, etc. | John Wiley & Sons |
| Date of publication, distribution, etc. | 2002. |
| 300 ## - PHYSICAL DESCRIPTION | |
| Extent | xvi,311p.: ill.; figures |
| Other physical details | Index |
| Dimensions | 27cm |
| 700 ## - ADDED ENTRY--PERSONAL NAME | |
| Other authors/Editors | Patrick J. Cordon |
| 942 ## - ADDED ENTRY ELEMENTS (KOHA) | |
| Source of classification or shelving scheme | Dewey Decimal Classification |
| Koha item type | Books |
| Date last seen | Total checkouts | Full call number | Barcode | Cost, replacement price | Price effective from | Koha item type | Lost status | Source of classification or shelving scheme | Damaged status | Not for loan | Withdrawn status | Home library | Current library | Shelving location | Date acquired | Source of acquisition | Cost, normal purchase price |
|---|---|---|---|---|---|---|---|---|---|---|---|---|---|---|---|---|---|
| 06/24/2025 | 658.4 TOR | MZA0001991 | 90000.00 | 06/24/2025 | Books | Dewey Decimal Classification | CBE Mwanza | CBE Mwanza | General Collection | 06/09/2020 | Library Budget | 30000.00 | |||||
| 06/24/2025 | 658.4 TOR | MZA0001992 | 90000.00 | 06/24/2025 | Books | Dewey Decimal Classification | CBE Mwanza | CBE Mwanza | General Collection | 06/09/2020 | Library Budget | 30000.00 | |||||
| 06/24/2025 | 658.4 TOR | MZA0001993 | 90000.00 | 06/24/2025 | Books | Dewey Decimal Classification | CBE Mwanza | CBE Mwanza | General Collection | 06/09/2020 | Library Budget | 30000.00 | |||||
| 06/24/2025 | 658.4 TOR | MZA0001994 | 90000.00 | 06/24/2025 | Books | Dewey Decimal Classification | CBE Mwanza | CBE Mwanza | General Collection | 06/09/2020 | Library Budget | 30000.00 |
